| 000 | 00833cam a2200289 4500 | ||
|---|---|---|---|
| 001 | ABS64504 | ||
| 008 | 010927n2001 000 0 eng u | ||
| 035 | _a(Sirsi) u114886 | ||
| 245 | _aRegional survey: Berkshire | ||
| 260 | _c2001 | ||
| 490 |
_aProperty Week _v66(36) 7 September 2001, 55-102(16) |
||
| 590 | _aABS | ||
| 650 | _aBERKSHIRE | ||
| 650 | _aSLOUGH | ||
| 650 | _aTHAMES VALLEY | ||
| 650 | _aREADING | ||
| 650 | _aPROPERTY-COMMERCIAL PROPERTY-OFFICE PROPERTY-OFFICE PROPERTY MARKET | ||
| 650 | _aBRACKNELL | ||
| 650 | _aPROPERTY-COMMERCIAL PROPERTY-RETAIL PROPERTY-RETAIL PROPERTY MARKET | ||
| 650 | _aREADING | ||
| 650 | _aINDUSTRIAL MARKET | ||
| 650 | _aNEWBURY | ||
| 650 | _aMAIDENHEAD | ||
| 650 | _aPLANNING | ||
| 690 | _aPROPERTY-COMMERCIAL PROPERTY-COMMERCIAL PROPERTY MARKET | ||
| 942 | _n0 | ||
| 999 |
_c68414 _d68414 |
||